000 00319nam a22001337a 4500
020 _a978-0-14-133267-3
082 _a823
_bWIL/W
100 _aJACQUELINE WILSON
245 _aTHE WEREPUPPY
260 _aUNITED KINGDOM
_bPUFFIN BOOKS
_c2004
300 _a95
650 _aCHILDREN'S STORY BOOK
_zUNITED KINGDOM
942 _cBK
999 _c108
_d108